Racionalizácia technologického procesu sušenia

Bibliographic Details
Main Author: Vitázek, Ivan, 1960- (Author)
Format: Article
Language:Slovak
PhysicalDescription:Sch. 4.
Subjects:

MARC

LEADER 00000nab a2200000 a 4500
001 vtls000416332
003 SK-MaSNL
005 20260302234810.0
008 120925c1989 xo 0 slo
015 |a SNBRA19rr/mm-uuuuu 
035 |a CL0416457 
040 |a SNKBUCL  |b slo  |c SNKBUCL  |e AACR2 
041 0 |a slo 
044 |a xo  |c SK 
080 |a 66.047:631.365.2:633.15  |2 1981 
080 |a 631.365.2  |2 1981 
080 |a 633.15  |2 1981 
080 |a 536  |2 1981 
100 1 |a Vitázek, Ivan,  |d 1960-  |4 aut  |9 217710 
245 1 0 |a Racionalizácia technologického procesu sušenia  |c Ivan Vitázek 
300 |b Sch. 4. 
650 0 7 |a sušiarne priemyselné  |2 snkbucl  |9 936037 
650 0 7 |a teplo  |2 snkbucl  |9 14005 
650 0 7 |a kukurica  |2 snkbucl  |9 16138 
655 7 |a články zo zborníkov  |2 snkbucl  |9 166140 
773 0 |t Zborník prednášok termomechaniky a mechaniky tekutín  |d Žilina : Dom techniky ČSVTS, 1989  |g S. 113-120 
850 |a Slovenská národná knižnica v Martine  |a MTA001 
852 |a SNK  |b KIS3GCP 
958 |a RK 
992 |a RZB 
999 |c 1552011  |d 1553941